| 000 | 00708nam a2200241 i 4500 | ||
|---|---|---|---|
| 001 | 16645 | ||
| 003 | ES-MaACL | ||
| 005 | 20250822035133.0 | ||
| 007 | t| | ||
| 008 | 001020s1995 sp ||||0| spa | ||
| 020 | _a84-493-0149-1 | ||
| 080 | _a316.356.2:159.9 | ||
| 080 | _a613.88:159.9 | ||
| 100 | 1 |
_aHite, Shere. _963834 |
|
| 245 | 1 | 0 |
_aInforme Hite sobre la familia / _cShere Hite ; [traducción de Mireille Jaumá Classen]. |
| 250 | _a1ª ed. | ||
| 260 |
_aBarcelona : _bPaidós Ibérica, _c1995. |
||
| 300 |
_a367 p. ; _c24 cm. |
||
| 650 | 4 |
_aFamilias- _xAspectos psicológicos. _9172487 |
|
| 650 | 7 |
_aPsicología sexual _2embne _916572 |
|
| 852 |
_aES-MaACL _jL-23634 |
||
| 999 |
_c16645 _d16645 |
||